000 00429nam a2200181Ia 4500
008 090124s9999 xx 000 0 und d
082 _b122754
100 _aसाठे माया
245 _a कमळा
250 _a1
260 _c1988
300 _a238
600 _aसाठे माया
630 _a कमळा
700 _aसाठे माया
730 _a कमळा
942 _cBOOK
999 _c168840
_d168840